| 000 | 02478nam a22004577a 4500 | ||
|---|---|---|---|
| 003 | AR-RoUNA | ||
| 005 | 20260422085505.0 | ||
| 008 | 260420b |||||||| |||| 00| 0 spa d | ||
| 040 |
_aAR-RoUNA _bspa _dAR-RoUNA |
||
| 041 | _aspa | ||
| 044 | _aag | ||
| 110 | 2 |
_aEspaña. Ministerio de Obras Públicas y Urbanismo. _bInstituto del Territorio y Urbanismo. Federación Española de Municipios y Provincias Madrid _927693 |
|
| 245 | 1 | 0 | _aPlaneamiento especial y rehabilitación urbana |
| 260 |
_a Madrid : _bCentro de Publicaciones. Secretaría General Técnica, MOP, _c1986. |
||
| 300 |
_a 168 p. : _bil. byn. _bplanos _btablas _bil. col. _c29x21 cm. |
||
| 505 | 0 | _tINDICE | |
| 505 | 0 | _tPRESENTACIONES | |
| 505 | 0 | _tSALAMANCA | |
| 505 | 0 | _aFernando Contreras Gayoso / Plan Especial de Protección y Reforma Interior del Recinto Universitario y Zona Histórico-Artísitca de Salamanca. p. 11 | |
| 505 | 0 | _aManuel Campo Hernández / Política Municipal de Defensa y Recuperación de la Ciudad Histórica. Exposición del PEPRI de Salamanca y de la Política de Rehabilitación de Vivienda. p. 25 | |
| 505 | 0 | _aAlberto López Asenjo / Desarrollo y Gestión del PEPRI de Salamanca. Operación Piloto de Actuación Conjunta y Ayuda Municipal a la Rehabilitación. Balance Provisional. p. 27 | |
| 505 | 0 | _tPAMPLONA | |
| 505 | 0 | _aSigifredo Martín Sánchez y JAvier Torrens Alzu / Plan Especial de Protección y Reforma Interior del Burgo de San Cernin en el Casco Antiguo de Pamplona. p. 33 | |
| 505 | 0 | _aJesús Aramendía PArdo / Consideraciones generales. Oficina Municipal de Información y Gestión para la Rehabilitación de vivienda en Pamplona. p. 44 | |
| 505 | 0 | _tBARCELONA | |
| 505 | 0 | _aJuan Busquets Grau y Ricardo Fayos Moles / Nueva Renovación de los Centros históricos. Rehabilitación y Planeamiento Urbanístico. El caso de Barcelona. p. 59 | |
| 505 | 0 | _aGermán Vidal Rebull, Antonio Heras González y Amadeo Iglesias Unzue / La rehabilitación de viviendas en Barcelona. p. 68 | |
| 505 | 0 | _tANEXO | |
| 505 | 0 | _aNotas finales. p. 161 | |
| 505 | 0 | _aPersonalidades y ponentes. p. 164 | |
| 505 | 0 | _aAsistentes. 165 | |
| 650 | 4 | _aUrbanismo | |
| 650 | 4 | _aRehabilitación urbana | |
| 651 | 4 |
_aSalamanca (España) _95083 |
|
| 651 | 4 |
_a Barcelona (España) _984 |
|
| 651 | 4 |
_a Pamplona (España) _915733 |
|
| 908 | _aImp | ||
| 942 |
_2udc _cLIB |
||
| 945 | _d2026-04-20 | ||
| 980 |
_65 _aMaría Machado _85 _gMaría Machado |
||
| 999 |
_c12391 _d12391 |
||